000
00229nam a2200097Ia 4500
008
120527s9999 xx 000 0 und d
100
_a
HERREN,Ray.
245
_a
The science of animal agriculture.
260
_b
Delmar
942
_c
BK
999
_c
24114
_d
24114